Eight essays on the crisis of development in Latin America (Registro nro. 359727)

Detalles MARC
001 - NÚMERO DE CONTROL
campo de control 936224
005 - FECHA Y HORA DE LA ÚLTIMA TRANSACCIÓN
campo de control 20260506155555.0
008 - DATOS DE LONGITUD FIJA--INFORMACIÓN GENERAL
campo de control de longitud fija 050725s1991 eng
020 ## - NÚMERO INTERNACIONAL ESTÁNDAR DEL LIBRO
Número Internacional Estándar del Libro 9070280434
035 ## - NÚMERO DE CONTROL DEL SISTEMA
Número de control de sistema 936224
035 ## - NÚMERO DE CONTROL DEL SISTEMA
Número de control de sistema (OCoLC)757317212
040 ## - FUENTE DE LA CATALOGACIÓN
Centro/agencia transcriptor comduadb
041 ## - CÓDIGO DE LENGUA
Código de lengua del texto/banda sonora o título independiente eng
080 ## - NÚMERO DE LA CLASIFICACIÓN DECIMAL UNIVERSAL
Número de la Clasificación Decimal Universal L
100 #0 - ENTRADA PRINCIPAL--NOMBRE DE PERSONA
Nombre de persona González Casanova, Pablo
Fechas asociadas al nombre 1922-
Código de función aut
Número de control del registro de autoridad o número normalizado (isni)0000000121251923
-- (viaf)27085163
Término indicativo de función/relación Autor/a
9 (RLIN) 239281
245 10 - MENCIÓN DE TÍTULO
Título Eight essays on the crisis of development in Latin America
260 ## - PUBLICACIÓN, DISTRIBUCIÓN, ETC.
Lugar de publicación, distribución, etc. Holanda :
Nombre del editor, distribuidor, etc. CEDLA (Centro de Estudios y Documentacion Latinoamericanos),
Fecha de publicación, distribución, etc. 1991.
300 ## - DESCRIPCIÓN FÍSICA
Extensión 143 páginas
520 3# - SUMARIO, ETC.
Sumario, etc. El libro presenta una compilacion de articulos sobre la crisis del desarrollo en America Latina desde la perspectiva de las ciencias sociales. Los aspectos que se discuten de la crisis incluyen la insercion de la region en la economia mundial, la crisis agraria e industrial, el impacto social de los sectores pobres de la poblacion, la perspectiva para la democratizacion y el papel de los nuevos movimientos de resistencia. Contiene los siguientes ensayos: "The crisis in Latin America as a global phenomenon", Latin America in the world economy", "Land, hunger and power: the agrarian crisis in Latin America", "Rise and decline of industrialization in Latin America", "The social impact of the crisis of development: adjustment with a woman's face", "Political transition in the Latin America: the unchallenged imposition of formal democracy", Power and protest in Latin America", "The crisis of development in Latin America".
650 ## - PUNTO DE ACCESO ADICIONAL DE MATERIA--TÉRMINO DE MATERIA
Término de materia o nombre geográfico como elemento de entrada Industrializacion - America Latina
9 (RLIN) 40088
650 ## - PUNTO DE ACCESO ADICIONAL DE MATERIA--TÉRMINO DE MATERIA
Término de materia o nombre geográfico como elemento de entrada America Latina y El Caribe - Economía
9 (RLIN) 79681
650 ## - PUNTO DE ACCESO ADICIONAL DE MATERIA--TÉRMINO DE MATERIA
Término de materia o nombre geográfico como elemento de entrada Política agraria - América Latina
9 (RLIN) 8587
650 #7 - PUNTO DE ACCESO ADICIONAL DE MATERIA--TÉRMINO DE MATERIA
Término de materia o nombre geográfico como elemento de entrada Democracia
Subdivisión geográfica América Latina
Fuente del encabezamiento o término lemb
9 (RLIN) 42005
650 ## - PUNTO DE ACCESO ADICIONAL DE MATERIA--TÉRMINO DE MATERIA
Término de materia o nombre geográfico como elemento de entrada Sistemas politicos - America Latina
9 (RLIN) 175326
650 #7 - PUNTO DE ACCESO ADICIONAL DE MATERIA--TÉRMINO DE MATERIA
Término de materia o nombre geográfico como elemento de entrada Movimientos sociales
Subdivisión geográfica América Latina
Fuente del encabezamiento o término lemb
9 (RLIN) 36081
650 ## - PUNTO DE ACCESO ADICIONAL DE MATERIA--TÉRMINO DE MATERIA
Término de materia o nombre geográfico como elemento de entrada Desarrollo - América Latina
9 (RLIN) 121671
700 10 - ENTRADA AGREGADA--NOMBRE PERSONAL
Nombre de persona Fitzgerald, Edmund Valpy Knox
Código de función aut
Término indicativo de función/relación Autor/a
9 (RLIN) 533572
700 10 - ENTRADA AGREGADA--NOMBRE PERSONAL
Nombre de persona Redclift, Michael
Código de función aut
Término indicativo de función/relación Autor/a
9 (RLIN) 505292
700 10 - ENTRADA AGREGADA--NOMBRE PERSONAL
Nombre de persona Fortin, Carlos
Código de función aut
Término indicativo de función/relación Autor/a
9 (RLIN) 497690
700 10 - ENTRADA AGREGADA--NOMBRE PERSONAL
Nombre de persona Stolcke, Verena
Código de función aut
Término indicativo de función/relación Autor/a
9 (RLIN) 504513
700 10 - ENTRADA AGREGADA--NOMBRE PERSONAL
Nombre de persona Rojas, Fernando
Código de función aut
Término indicativo de función/relación Autor/a
700 10 - ENTRADA AGREGADA--NOMBRE PERSONAL
Nombre de persona Touraine, Alain,
Fechas asociadas al nombre 1925-2023
Código de función aut
Término indicativo de función/relación Autor/a
9 (RLIN) 242145
700 10 - ENTRADA AGREGADA--NOMBRE PERSONAL
Nombre de persona Cardoso, Fernando Henrique,
Fechas asociadas al nombre 1931-
Código de función aut
Número de control del registro de autoridad o número normalizado (isni)0000 0001 2144 694X
-- (viaf)97719834
Término indicativo de función/relación Autor/a
9 (RLIN) 242297
942 ## - ELEMENTOS DE ENTRADA AGREGADA (KOHA)
Tipo de ítem Koha Libros
Existencias
Estado de retiro Estado de pérdida Estado dañado No para préstamo Código de colección Localización permanente Ubicación/localización actual Fecha de adquisición Fuente de adquisición Número de inventario Total de préstamos Signatura topográfica completa Código de barras Fecha visto por última vez Número de copia Precio válido a partir de Tipo de ítem Koha
        Colección General Unidad Doc. Inst. Est Políticos (Bl. 14-204) Unidad Doc. Inst. Est Políticos (Bl. 14-204) 25/07/2005 Material adquirido por donación C874335   L00708 0602267 26/04/2023 1 26/04/2023 Libros